| 000 | 00499nam a2200181Ia 4500 | ||
|---|---|---|---|
| 001 | 3628 | ||
| 005 | 20260306145657.0 | ||
| 008 | 260306t2008||||xx |||||||||||||| ||spa|| | ||
| 041 | _aESP | ||
| 082 |
_a300.72 _bS727 |
||
| 100 |
_aScribano, Adrián _eAUT |
||
| 245 | 0 |
_aMetodología de la investigación social: _bUna indagación sobre las prácticas de enseñar y el aprender |
|
| 260 | _c2008 | ||
| 300 |
_a164 páginas : _c25 cm. |
||
| 650 | _aGEN | ||
| 654 | _aCHU | ||
| 942 |
_cLIB _dJUS _fJUS _2ddc _n |
||
| 999 |
_c3628 _d3628 |
||